Asian capitals by county - Statistics

General Stats
  • This quiz has been taken 4 times
  • The average score is 36 of 47
Answer Stats
Country Capital % Correct
United Arab Emirates Abu Dhabi
100%
Turkiye Ankara
100%
Kazakhstan Astana
100%
Iraq Baghdad
100%
Azerbaijan Baku
100%
Thailand Bangkok
100%
China Beijing
100%
Lebanon Beirut
100%
Syria Damascus
100%
Bangladesh Dhaka
100%
Qatar Doha
100%
Vietnam Hanoi
100%
Pakistan Islamabad
100%
Indonesia Jakarta
100%
Israel Jerusalem
100%
Nepal Kathmandu
100%
Malaysia Kuala Lumpur
100%
Kuwait Kuwait City
100%
India New Delhi
100%
Saudi Arabia Riyadh
100%
Yemen Sana'a
100%
South Korea Seoul
100%
Singapore Singapore
100%
Iran Tehran
100%
Japan Tokyo
100%
Jordan Amman
75%
Philippines Manila
75%
Oman Muscat
75%
Cyprus Nicosia
75%
Cambodia Phnom Penh
75%
North Korea Pyongyang
75%
Taiwan Taipei
75%
Mongolia Ulaanbaatar
75%
Kyrgyzstan Bishkek
50%
Timor-Leste Dili
50%
Afghanistan Kabul
50%
Maldives Malé
50%
Uzbekistan Tashkent
50%
Laos Vientiane
50%
Armenia Yerevan
50%
Turkmenistan Ashgabat
25%
Brunei Bandar Seri Begawan
25%
Sri Lanka Colombo
25%
Tajikistan Dushanbe
25%
Bahrain Manama
25%
Bhutan Thimphu
25%
Myanmar Nay Pyi Taw
0%
No matching quizzes found
Score Distribution
Percent of People with Each Score
Percentile by Number Answered
Your Score History
You have not taken this quiz